00563nam a2200205Ia 4500008004100000020001400041050001600055100002100071245002400092245001400116245002400130260001000154260001300164260000900177300001600186300002000202300001000222999001900232952010600251170918s9999 xx 000 0 und d a312422911 bM134ch 2002 aMcDermott, Alice aChild of my heart : ba novel / cby Alice McDermott. aUSA : bPicador, c2002 a242 pages : billustrations ; c21cm. c344038d344038 001040aSSISMbSSISMd2017-09-18l0oFIC M134ch 2002pSSISM3110r2017-09-18 00:00:00w2017-09-18yBK